000 00726cab a2200217 4500
001 WB3143-17
008 090401t1995 xxu||||| |||| 00| 0 eng d
035 _a(Sirsi) u28655
041 _aeng
245 _aGetting tough over the Thames
260 _c1995
350 _a0
490 _aEvening Standard
_v13 November 1995, 5
490 _aDoE News Release
_v(546) 13 November 1995, (4)
520 _aJohn Gummer intends to get tough with developers over revitalising the Thames. Along the river, building schemes will not be tolerated which refuse to take proper account of the river.
650 _aFUTURE
650 _aRIVER THAMES
690 _aPROPERTY-PROPERTY DEVELOPMENT
942 _n0
948 _c04/03/1997
999 _c19266
_d19266